[Event "Como Province-ch"]
[Site "Erba"]
[Date "2015.01.24"]
[Round "4"]
[White "Salvade`, Ettore"]
[Black "Campanella, Nicola"]
[Result "0-1"]
[WhiteElo "1565"]
[BlackElo "1440"]
[PlyCount "48"]
[EventDate "2015.01.17"]
[EventType "swiss"]
[EventRounds "6"]
[EventCountry "ITA"]
[SourceTitle "EXT 2017"]
[Source "ChessBase"]
[SourceDate "2016.10.25"]
[SourceVersion "1"]
[SourceVersionDate "2016.10.25"]
[SourceQuality "1"]

1. e4 d6 2. Nf3 g6 3. Bc4 Bg4 4. h3 Bxf3 5. Qxf3 Nf6 6. d3 Bg7 7. 0-0 0-0 8. Re1 Nc6 9. Qe3 Nd7 10. c3 Nc5 11. d4 Na5 12. Be2 Nd7 13. b4 Nc6 14. d5 Nxb4 15. Qd2 c6 16. Bb2 Na6 17. Bxa6 bxa6 18. c4 Ne5 19. Bxe5 Bxe5 20. Nc3 Qa5 21. Rec1 Rfc8 22. Rab1 cxd5 23. Qe3 d4 24. Qg5 Bh2+ 0-1

[Event "Como Province-ch"]
[Site "Erba"]
[Date "2015.01.18"]
[Round "2"]
[White "Turati, Pierangelo"]
[Black "Salvade`, Ettore"]
[Result "1-0"]
[WhiteElo "1691"]
[BlackElo "1565"]
[PlyCount "27"]
[EventDate "2015.01.17"]
[EventType "swiss"]
[EventRounds "6"]
[EventCountry "ITA"]
[SourceTitle "EXT 2017"]
[Source "ChessBase"]
[SourceDate "2016.10.25"]
[SourceVersion "1"]
[SourceVersionDate "2016.10.25"]
[SourceQuality "1"]

1. e4 e5 2. Nf3 Nc6 3. d4 exd4 4. Bc4 h6 5. 0-0 Bc5 6. c3 dxc3 7. Nxc3 Nge7 8. Bf4 0-0 9. Qc1 Nd4 10. Bxh6 Nxf3+ 11. gxf3 gxh6 12. Qxh6 Bd4 13. Kh1 Bg7 14. Rg1 1-0

[Event "Como Primavera op 9th"]
[Site "Como"]
[Date "2014.03.13"]
[Round "2"]
[White "Filippini, Enea"]
[Black "Salvade`, Ettore"]
[Result "1-0"]
[WhiteElo "1694"]
[BlackElo "1523"]
[PlyCount "75"]
[EventDate "2014.03.06"]
[EventType "swiss"]
[EventRounds "7"]
[EventCountry "ITA"]
[SourceTitle "EXT 2015"]
[Source "ChessBase"]
[SourceDate "2014.11.20"]
[SourceVersion "1"]
[SourceVersionDate "2014.11.20"]
[SourceQuality "1"]

1. d4 Nf6 2. c4 g6 3. Nc3 Bg7 4. e4 d6 5. f3 0-0 6. Be3 e5 7. d5 c6 8. Bd3 a6 9. a4 c5 10. Nge2 Ne8 11. 0-0 f5 12. exf5 Bxf5 13. Ne4 h6 14. Qd2 g5 15. N2g3 Bxe4 16. fxe4 Nf6 17. Nf5 Ng4 18. Nxg7 Rxf1+ 19. Rxf1 Kxg7 20. h3 Nxe3 21. Qxe3 Nd7 22. Qf3 Nf6 23. Be2 Qe7 24. g4 Rf8 25. Qe3 a5 26. Rf5 Qe8 27. b3 b6 28. Qf3 Qe7 29. Kf2 Rh8 30. Ke3 Kg6 31. Kd3 h5 32. Qe3 hxg4 33. Qxg5+ Kf7 34. Bxg4 Qd8 35. Bh5+ Rxh5 36. Qxh5+ Ke7 37. Rxf6 Qg8 38. Qg6 1-0

[Event "Como Primavera op 9th"]
[Site "Como"]
[Date "2014.03.06"]
[Round "1"]
[White "Salvade`, Ettore"]
[Black "Rossini, Fulvio"]
[Result "0-1"]
[WhiteElo "1523"]
[BlackElo "1827"]
[PlyCount "66"]
[EventDate "2014.03.06"]
[EventType "swiss"]
[EventRounds "7"]
[EventCountry "ITA"]
[SourceTitle "EXT 2015"]
[Source "ChessBase"]
[SourceDate "2014.11.20"]
[SourceVersion "1"]
[SourceVersionDate "2014.11.20"]
[SourceQuality "1"]

1. e4 e6 2. Nf3 d5 3. e5 c5 4. d3 Nc6 5. c3 Nge7 6. Bg5 h6 7. Bxe7 Bxe7 8. Qe2 b5 9. a3 c4 10. d4 a5 11. g3 Rb8 12. Nfd2 b4 13. Bg2 bxc3 14. bxc3 Rb2 15. 0-0 Ba6 16. Rc1 Qb6 17. Qd1 0-0 18. Rc2 Nxd4 19. cxd4 Qxd4 20. Nc3 Rxc2 21. Qxc2 Qxe5 22. Nf3 Qd6 23. Nd4 Bf6 24. Ndb5 Bxb5 25. Nxb5 Qc5 26. Rb1 Rb8 27. a4 Rc8 28. Rc1 d4 29. Be4 Kf8 30. Bd3 cxd3 31. Qxc5+ Rxc5 32. Rxc5 d2 33. Rc8+ Ke7 0-1

[Event "Como Primavera op 7th"]
[Site "Como"]
[Date "2012.05.31"]
[Round "7"]
[White "Salvade`, Ettore"]
[Black "Coppola, Guido"]
[Result "0-1"]
[WhiteElo "1407"]
[BlackElo "1990"]
[PlyCount "120"]
[EventDate "2012.04.19"]
[EventType "swiss"]
[EventRounds "7"]
[EventCountry "ITA"]
[SourceTitle "EXT 2024"]
[Source "ChessBase"]
[SourceDate "2023.10.10"]
[SourceVersion "1"]
[SourceVersionDate "2023.10.10"]
[SourceQuality "1"]

1. e4 c5 2. Nf3 d6 3. Nc3 Nf6 4. d4 cxd4 5. Nxd4 a6 6. Bg5 e6 7. h3 Be7 8. Qf3 Nbd7 9. 0-0-0 Qc7 10. Bd3 b5 11. a3 Rb8 12. Na2 Ne5 13. Qe2 Nc4 14. Nb4 Bb7 15. f3 a5 16. Nxb5 Qc5 17. Bxc4 Qxg5+ 18. Kb1 Qc5 19. Na2 0-0 20. Nac3 d5 21. Ba2 Ba6 22. a4 d4 23. Rxd4 Qxd4 24. Nxd4 Bxe2 25. Ndxe2 Rfd8 26. Bc4 Nd7 27. b3 Bf6 28. Nb5 Ne5 29. Kc1 Rbc8 30. Rd1 Rxd1+ 31. Kxd1 Nxc4 32. bxc4 Rxc4 33. g4 Rxa4 34. Kd2 Rb4 35. Na3 Bb2 36. c3 Rb8 37. Nc4 a4 38. Kc2 a3 39. Kb1 Bxc3+ 40. Ka2 Bb2 41. Nxa3 Bxa3 42. Kxa3 Rd8 43. Ng1 Rd1 44. Ne2 Rd3+ 45. Kb4 Rxf3 46. Ng1 Re3 47. Kc4 Rxe4+ 48. Kd3 Ra4 49. Nf3 Kf8 50. Ke2 Ke7 51. Kf2 f6 52. Kg3 Ra3 53. h4 e5 54. Kf2 Ke6 55. g5 Rxf3+ 56. Kxf3 f5 57. h5 g6 58. hxg6 hxg6 59. Kf2 Kd5 60. Kf3 Kd4 0-1

[Event "Como Primavera op 7th"]
[Site "Como"]
[Date "2012.05.10"]
[Round "4"]
[White "Salvade`, Ettore"]
[Black "Corti, Filippo"]
[Result "1/2-1/2"]
[WhiteElo "1407"]
[BlackElo "1668"]
[PlyCount "106"]
[EventDate "2012.04.19"]
[EventType "swiss"]
[EventRounds "7"]
[EventCountry "ITA"]
[SourceTitle "EXT 2024"]
[Source "ChessBase"]
[SourceDate "2023.10.10"]
[SourceVersion "1"]
[SourceVersionDate "2023.10.10"]
[SourceQuality "1"]

1. e4 c6 2. Nf3 d5 3. e5 Bf5 4. d4 e6 5. a3 Nd7 6. Nbd2 c5 7. c3 Ne7 8. Be2 Nc6 9. 0-0 Qb6 10. Qb3 Be7 11. Bb5 a6 12. Bxc6 Qxc6 13. Qd1 0-0 14. Nb3 Qc7 15. Bg5 Bxg5 16. Nxg5 h6 17. g4 Bg6 18. Nf3 cxd4 19. cxd4 Rac8 20. Ne1 Bc2 21. Nxc2 Qxc2 22. Qxc2 Rxc2 23. Rab1 Rfc8 24. f3 Re2 25. Rfc1 Rxc1+ 26. Nxc1 Re1+ 27. Kf2 Rh1 28. Ke3 Nb6 29. b3 Rxh2 30. Ne2 Kf8 31. Rc1 Ke8 32. Rc7 Rh1 33. Rxb7 Nd7 34. Ra7 Rb1 35. b4 Rb3+ 36. Kf2 Rxa3 37. b5 Rb3 38. Ra8+ Ke7 39. bxa6 Ra3 40. Ra7 f6 41. Nc1 fxe5 42. dxe5 Kd8 43. f4 g6 44. Ne2 Nc5 45. Ra8+ Kc7 46. a7 Kb7 47. Rg8 Ne4+ 48. Kg2 Kxa7 49. Rxg6 Ra2 50. Kf3 Ra3+ 51. Kg2 Ra2 52. Kf1 Ra1+ 53. Kg2 Ra2 1/2-1/2